000 00588nam a2200253Ia 4500
003 OSt
005 20220912152753.0
006 a|||||r|||| 00| 0
007 ta
008 220909b |||||||| |||| 00| 0 eng d
024 _a35057
037 _cTextual
040 _aCSL
_beng
_cCSL
041 _aeng
082 _aY172A:1.261, K2
100 _aSinha Raghuvir
245 0 _aAkas
260 _c1962
300 _ap.
_ccm.
650 _a Anthropology
650 _aPrimitives
942 _hY172A:1.261, K2
_cTEXL
_2CC
999 _c91779
_d91779